00350nam a22001577a 4500003000400000005001700004008004100021020001500062040000700077082001300084100002000097245003200117250000800149260002700157300000800184OSt20220204134544.0220204b |||||||| |||| 00| 0 eng d a8125920633 cHU a621.3815 aSalivahanan S. aDigital Circuits And Design a3ed aNew Delhi bNew Delhi  f665